00261nam a2200109Ia 4500008004100000100001800041245003000059250000800089260003700097300000900134650000800143191201s2003 xx 000 0 und d aBrey, Barry B 4aThe Intel Microprocessors a6th c2003bPearson EducationaN.Delhi a1024 aECE